000 00330nam a2200145Ia 4500
008 230718s9999 xx 000 0 und d
041 _aEng.
082 _a910
_bROG-O
100 _aRoger, Pearce
245 0 _aonce a Happy valley
260 _aPakistan
_boxford curately
_c1948
300 _a519
650 _aLaw
999 _c26049
_d26049